Tragedias /
Guardado en:
| Autor Principal: | |
|---|---|
| Otros Autores: | , |
| Formato: | Libro |
| Idioma: | Undetermined |
| Publicado: |
Madrid :
Gredos,
2015.
|
| Series: | Grandes pensadores
|
| Materias: | |
| Etiquetas: |
Agregar Etiqueta
Sin Etiquetas, Sea el primero en etiquetar este registro!
|
| LEADER | 00917nam a22002295a 4500 | ||
|---|---|---|---|
| 001 | CEM.cems020695 | ||
| 008 | 231124s2015####sp############000#0#und#d | ||
| 005 | 20250210134422.0 | ||
| 245 | 1 | 0 | |a Tragedias / |c William Shakespeare ; estudio introductorio por Fernando Galván ; traducción y notas por José María Valverde. |
| 260 | |a Madrid : |b Gredos, |c 2015. | ||
| 300 | |a 912 p. | ||
| 490 | 1 | |a Grandes pensadores | |
| 505 | 0 | |a Tito Andrónico -- Romeo y Julieta -- Julio César -- Hamlet -- Othello, el moro de Venecia -- Timón de Atenas -- El rey Lear -- Macbeth -- Antonio y Cleopatra -- Coriolano | |
| 020 | |a 9788447382842 | ||
| 100 | 1 | |a Shakespeare, William. | |
| 700 | 1 | |a Galván, Fernando; prol. | |
| 700 | 1 | |a Valverde, José María; trad. | |
| 653 | |a Literatura | ||
| 653 | |a Literatura inglesa | ||
| 653 | |a Teatro | ||
| 653 | |a Teatro inglés | ||
| 859 | |a CEMS |b BIB. CEMS - 11 de abril |h 822.3 |i Sh14-19 |p 29754.23 |t Ej. 1 | ||
